| 000 | 00524nam a2200181Ia 4500 | ||
|---|---|---|---|
| 003 | OSt | ||
| 005 | 20200904100335.0 | ||
| 008 | 190216s9999||||xx |||||||||||||| ||und|| | ||
| 020 | _a8185198020 | ||
| 040 | _coclc | ||
| 082 |
_a530.12 _bPOW/Q |
||
| 100 |
_aPowell, John L _94423 |
||
| 245 | 0 |
_aQuantum Mechanics / _cJohn L Powell ; Bernd Crasemann |
|
| 260 |
_bNarosa Publishing House, _c1998. _aNew Delhi: |
||
| 300 | _a508p | ||
| 650 | _aPhysics | ||
| 942 |
_cBK _2ddc _h530.12 _iPOW/Q _k530.12 _mPOW/Q |
||
| 999 |
_c33496 _d33496 |
||